Top most Played Roblox Games - Statistics

General Stats
  • This quiz has been taken 773 times
  • The average score is 6 of 15
Answer Stats
Hint Answer % Correct
6.8 Billion Adopt Me
96%
3.7 Billion Jailbreak
69%
5.7 Billion Meep City
66%
2.1 Billion Bloxburg
57%
2.6 Billion Murder Mystery 2
55%
1.8 Billion Piggy
54%
1.7 Billion Tower of Hell
46%
2.3 Billion Work at a pizza place
43%
3.3 Billion Royale High
42%
1.1 Billion Mad City
24%
1.0 Billion Natural Disaster Survival
23%
1.0 Billion Epic Minigames
18%
1.5 Billion Flee The Facility
17%
1.4 Billion Prison Life
17%
1.0 Billion Hide and Seek Extreme
11%
No matching quizzes found
Score Distribution
Percent of People with Each Score
Percentile by Number Answered
Your Score History
You have not taken this quiz